[Event "GER-chT North U14"]
[Site "Magdeburg"]
[Date "2014.09.12"]
[Round "4.4"]
[White "Palzer, Luca"]
[Black "Petrow, Jonas"]
[Result "1-0"]
[WhiteElo "1163"]
[BlackElo "1194"]
[PlyCount "95"]
[EventDate "2014.09.11"]
[EventType "team-swiss"]
[EventRounds "7"]
[EventCountry "GER"]
[SourceTitle "EXT 2016"]
[Source "ChessBase"]
[SourceDate "2015.10.08"]
[SourceVersion "1"]
[SourceVersionDate "2015.10.08"]
[SourceQuality "1"]
[WhiteTeam "Hamburg Eppendorf"]
[BlackTeam "Rostock Makkabi"]
[WhiteTeamCountry "GER"]
[BlackTeamCountry "GER"]

1. e4 d6 2. d4 Nf6 3. Nc3 g6 4. Bc4 Bg7 5. Nf3 Nbd7 6. Be3 c6 7. a4 0-0 8. 0-0 b6 9. Qe2 Bb7 10. Rfe1 c5 11. d5 Qc7 12. Nb5 Qb8 13. Bd2 Ng4 14. Bc3 Nde5 15. Nxe5 Nxe5 16. Bb3 Qc8 17. f4 Nd7 18. Bxg7 Kxg7 19. Qf3 Kg8 20. c4 a6 21. Nc3 Qc7 22. Bc2 f6 23. Re3 Rf7 24. Rf1 Raf8 25. Bd1 g5 26. Qg3 Rg7 27. Bg4 gxf4 28. Qxf4 Ne5 29. Be6+ Nf7 30. Rff3 Bc8 31. Rg3 Rxg3 32. Rxg3+ Kh8 33. Rh3 Bxe6 34. dxe6 Ng5 35. Rh5 Rg8 36. Kh1 Rg7 37. Nd5 Qd8 38. Qf5 Qe8 39. Rh6 Qg8 40. Nf4 a5 41. b3 Qf8 42. h4 Qg8 43. hxg5 Rxg5 44. Qh3 Rg3 45. Qh2 Qg7 46. Rh3 Rg4 47. Rh4 Rg3 48. Nh5 1-0